00651nam a2200229Ia 4500003000900000008004100009040001300050040001300063041000800076100002300084245002700107250001200134260001800146260000900164300001100173300001000184490001700194490000600211942000700217999001700224952018000241IT-RoPAU120407s9999 xx 000 0 und d aIT-RoPAU cIT-RoPAU aita aAlessandro Scurani aCosa leggere di storia aMilano  aBibliografica c1975 a151 p. c17 cm aCosa leggere v5 cBK c26047d26047 00102ddc406011_65000000000000071aPAULUSbPAULUSd2012-04-11l0o011.65r2012-04-11 00:00:00w2012-04-11yBKzInserito da: In data: n.d. fondo: Via A.Severo 56 Progr:4299